Arbitrage and optimal portfolio choice with financial constraints

Guardado en:
Detalles Bibliográficos
Autor principal: Elsinger, Helmut
Otros Autores: Summer, Martin
Formato: Libro
Lenguaje:inglés
Publicado: Wien Oesterreichische Nationalbank 2001
Colección:Working paper 49
Materias:
Etiquetas: Agregar Etiqueta
Sin Etiquetas, Sea el primero en etiquetar este registro!

MARC

LEADER 00000nam a2200000 4500
001 c130335
005 20221124105035.5
041 0 |a eng 
044 |a AT 
245 1 0 |a Arbitrage and optimal portfolio choice with financial constraints  |c Helmut Elsinger and Martin Summer 
264 1 |a Wien  |b Oesterreichische Nationalbank  |c 2001 
300 |a 37 s. 
490 1 |a Working paper  |v 49 
830 0 |a Working paper  |v 49 
610 2 0 |a arbitráž 
610 2 0 |a portfólio 
610 2 0 |a financie 
610 2 0 |a ochrana trhu 
610 2 0 |a konkurencia 
100 1 |a Elsinger, Helmut 
700 1 |a Summer, Martin